Winged warfare /

Bibliographic Details
Main Author: Bishop, William Avery, 1894-1956
Other Authors: Ulanoff, Stanley M.
Format: Book
Language:English
Published: New York : Arco Pub., 1981
Edition:1st Arco ed.
Subjects:

MARC

Tag First Indicator Second Indicator Subfields
LEADER 00000pam a2200000 a 4500
001 in00000085384
005 20151008061446.0
008 801110r1981 nyua 00010aengm
010 |a  80026871  
020 |a 0668051620 :  |c $9.95 
020 |a 0668051647 (pbk.) :  |c $5.95 
035 |a (OCoLC)07006579 
035 |9 AAJ8103AM 
040 |a DLC  |c DLC  |d m.c.  |d TXA  |d UtOrBLW 
043 |a e-uk--- 
049 |a TXAM  |c [933406] 
050 1 0 |a D602  |b .B5 1981 
082 0 |a 940.4/4941  |2 10 
100 1 |a Bishop, William Avery,  |d 1894-1956. 
245 1 0 |a Winged warfare /  |c by William A. Bishop ; edited by Stanley M. Ulanoff. 
250 |a 1st Arco ed. 
264 1 |a New York :  |b Arco Pub.,  |c 1981 
264 4 |c ©1967 
300 |a 280 pages :  |b illustrations ;  |c 21 cm. 
336 |a text  |b txt  |2 rdacontent 
337 |a unmediated  |b n  |2 rdamedia 
338 |a volume  |b nc  |2 rdacarrier 
500 |a Reprint of the edition published by Doubleday, Garden City, N.Y., in series: Air combat classics. 
600 1 0 |a Bishop, William Avery,  |d 1894-1956. 
610 1 0 |a Great Britain.  |b Royal Flying Corps  |x Biography. 
650 0 |a World War, 1914-1918  |x Aerial operations, British. 
650 0 |a World War, 1914-1918  |v Personal narratives, Canadian. 
650 0 |a Fighter pilots  |z Great Britain  |v Biography. 
700 1 |a Ulanoff, Stanley M. 
999 |a MARS 
999 f f |s a0e01b8e-b3cc-31f9-9a98-25504eacd5c6  |i 6e4a492f-c6f6-3b97-98cf-c1ec35e95ae5  |t 0 
952 f f |p ric  |a Texas A&M University  |b Rellis Campus  |c Joint Library Facility  |d Remote Storage  |t 0  |e D602 .B5 1981  |h Library of Congress classification  |i unmediated -- volume  |m A14806094711 
998 f f |a D602 .B5 1981  |t 0  |l Remote Storage